Clicca su una Capitale Valida A-Z - Statistics

Statistiche generali
  • Questo quiz è stato fatto 4.485 volte
  • Il punteggio medio è 10 su 24
Risposte nella Mappa
Le risposte nella mappa del quiz sottostante sono codificate secondo una scala di colori dal rosso al verde in base alla % di persone che hanno risposto correttamente.
 
Statistiche sulle risposte
Risposta % Corretto
A
54%
R
52%
O
51%
M
50%
W
50%
B
49%
L
49%
P
49%
D
48%
K
47%
S
47%
T
46%
H
45%
C
44%
N
40%
I
39%
V
37%
U
36%
Q
35%
G
33%
Z
27%
Y
21%
E
17%
F
17%
Nessun quiz corrispondente trovato
Distribuzione punteggi
Percentuale di utenti per punteggio
Percentile per numero di risposta
I tuoi punteggi nel tempo
Non hai fatto questo quiz